| 000 | 00393pab a2200169 454500 | ||
|---|---|---|---|
| 008 | 180718b2014 xxu||||| |||| 00| 0 eng d | ||
| 100 | _aMallick, Sambit | ||
| 245 | _aThe realm of commodified technoscience | ||
| 260 | _c2014 | ||
| 300 | _ap.32-42. | ||
| 362 | _aFeb | ||
| 650 | _aTechnology | ||
| 650 | _aScience and technology | ||
| 773 | _aSeminar | ||
| 908 | _aN | ||
| 909 | _a104070 | ||
| 999 |
_c104066 _d104066 |
||